|
|
|
|
| LEADER |
01046nam a2200277 a 4500 |
| 001 |
14276267 |
| 008 |
100708r20082006ctua 001 0 eng d |
| 010 |
|
|
|a 2006272960
|
| 040 |
|
|
|a UKM
|c UKM
|d BAKER
|d OCLCQ
|d TXA
|d DLC
|d DB-DhAAL
|
| 020 |
|
|
|a 8177226584
|
| 020 |
|
|
|a 1932394591 (pbk.)
|
| 082 |
0 |
4 |
|a 005.1
|2 22
|
| 100 |
1 |
|
|a Pulier, Eric.
|
| 245 |
1 |
0 |
|a Understanding enterprise SOA /
|c Eric Pulier with Hugh Taylor.
|
| 260 |
|
|
|a Greenwich, Conn. :
|b Manning ;
|a New Delhi :
|b dreamtech,
|c 2006.[reprinted 2008]
|
| 300 |
|
|
|a xxxvii, 242 p. :
|b ill. ;
|c 24 cm.
|
| 504 |
|
|
|a Includes index.
|
| 541 |
1 |
|
|e 00020628
|
| 650 |
|
0 |
|a Computer software
|x Development.
|
| 650 |
|
0 |
|a Computer architecture.
|
| 650 |
|
0 |
|a System design.
|
| 650 |
|
0 |
|a Business
|x Data processing.
|
| 700 |
1 |
|
|a Taylor, Hugh.
|
| 852 |
4 |
|
|a Ayesha Abed Library
|j General Shelf.
|
| 999 |
|
|
|c 9228
|d 9228
|
| 952 |
|
|
|0 0
|1 0
|2 ddc
|4 0
|6 005_100000000000000_PUL_2008
|7 0
|9 11666
|a BRACUL
|b BRACUL
|c GEN
|d 2010-08-23
|e Karim International
|l 1
|o 005.1 PUL
|p 3010020628
|r 2024-04-23
|s 2024-04-23
|t 1
|w 2010-08-23
|y BK
|